000 00511nam a2200169 4500
001 140451
003 ES-MaACL
005 20230906200059.0
007 t|
008 070214s1970 sp r ||||1| spa d
100 1 _aSchwelien, Joachim H.
_9104904
245 1 3 _aLa cara brutal de América /
_cJoachim H. Schwelien ; traducción de Federico Ulsamer.
260 _aBarcelona :
_bEdisven,
_c1970.
300 _a215 p. ;
_c18 cm.
700 1 _aUlsamer, Federico.
_9111959
852 _aES-MaACL
_jC-40737
_bR.73304
999 _c140451
_d140451